A Beginners Guide to Visual Basic 6 (Record no. 3757)

MARC details
000 -LEADER
fixed length control field 00386nam a2200157Ia 4500
008 - FIXED-LENGTH DATA ELEMENTS--GENERAL INFORMATION
fixed length control field 191201s2007 xx 000 0 und d
020 ## - INTERNATIONAL STANDARD BOOK NUMBER
International Standard Book Number 9788187522485
082 ## - DEWEY DECIMAL CLASSIFICATION NUMBER
Classification number 005.133
Item number BHB
100 ## - MAIN ENTRY--PERSONAL NAME
Personal name BHATIA, Mandeep S
245 #2 - TITLE STATEMENT
Title A Beginners Guide to Visual Basic 6
250 ## - EDITION STATEMENT
Edition statement Rep.
260 ## - PUBLICATION, DISTRIBUTION, ETC. (IMPRINT)
Place of publication, distribution, etc New Delhi
Name of publisher, distributor, etc Khanna Publisher
Date of publication, distribution, etc 2007
300 ## - PHYSICAL DESCRIPTION
Extent 551
650 ## - SUBJECT ADDED ENTRY--TOPICAL TERM
Topical term or geographic name as entry element MCA
942 ## - ADDED ENTRY ELEMENTS (KOHA)
Source of classification or shelving scheme Dewey Decimal Classification
Koha item type Text Books
Holdings
Withdrawn status Lost status Source of classification or shelving scheme Damaged status Not for loan Collection code Home library Current library Date acquired Source of acquisition Cost, normal purchase price Bill Number Total Checkouts Full call number Acc. no. / Barcode Date last seen Date last borrowed Bill Date Koha item type
    Dewey Decimal Classification     MCA PIET C-LIBRARY PIET C-LIBRARY 24/02/2009 J B C, New Delhi 295.00 SI-5274 3 005.133 BHB 11098 16/12/2024 09/12/2024 21/01/2009 Text Books
    Dewey Decimal Classification     MCA PIET C-LIBRARY PIET C-LIBRARY 24/02/2009 J B C, New Delhi 295.00 SI-5274   005.133 BHB 11099 04/12/2019   21/01/2009 Text Books
    Dewey Decimal Classification     MCA PIET C-LIBRARY PIET C-LIBRARY 24/02/2009 J B C, New Delhi 295.00 SI-5274 2 005.133 BHB 11100 29/08/2023 11/08/2023 21/01/2009 Text Books
    Dewey Decimal Classification     MCA PIET C-LIBRARY PIET C-LIBRARY 24/02/2009 J B C, New Delhi 295.00 SI-5274 6 005.133 BHB 11101 17/10/2024 11/09/2024 21/01/2009 Text Books
    Dewey Decimal Classification     MCA PIET C-LIBRARY PIET C-LIBRARY 24/02/2009 J B C, New Delhi 295.00 SI-5274 4 005.133 BHB 11102 04/10/2024 21/09/2024 21/01/2009 Text Books

Design & Developed by: PIET Central Library
R70 Miles Stone Pattikalyana Samalkha Panipat 132102
mail ID :- [email protected], Phone No:- 0180-2569700 Ex.216